000 00517nam a2200217Ia 4500
005 20250425161008.0
008 250425s9999 xx 000 0 und d
020 _a047125777X
041 _aeng
082 _a624.171
100 _aFERTIS, DEMETER G.
245 0 _aDYNAMICS AND VIBRATION OF STRUCTURES
250 _aS.E.
260 _aEstados Unidos
_bJOHN WILEY
_c1973
260 _aNEW YORK
300 _a485
650 _aDINAMICA ESTRUCTURAL
650 _aVIBRACION
942 _c01
010 _a10216
999 _c200338
_d200338